000 00593nam a2200241Ia 4500
005 20260306150021.0
008 008 260114s9999 xx 000 0 eng d
020 _a9781400865758
037 _aEbook
040 _aCRL
040 _beng
040 _cCRL
041 _2eng
041 _aeng
084 _qCRL
245 0 _aOne Day in the Life of the English Language
260 _bPrinceton University Press
260 _c2015
650 _aLinguistics and Semiotics
856 _uhttps://www.degruyter.com/isbn/9781400865758
942 _cEBOOK
999 _c1693059
_d1693059